000 00558nam a2200181Ia 4500
008 100920s9999 xx 000 0 und d
082 _b68463
_a570580 थ 91
100 _aवांगीकर पी.बी.
245 _aवृक्षसंपदा.
260 _bसाकेत प्रकाशन,औरंगाबाद.
_c1991
300 _a164
_bसाधी
365 _b70
520 _aशाऊ.
630 _aवृक्षसंपदा.
650 _aशाऊ.
730 _aवृक्षसंपदा.
942 _cBOOK
999 _c710750
_d710747